000 00959cam a2200325 i 4500
001 768714001
003 CO-MdFUSB
005 20250531133243.0
007 ta
008 250529t1978 -sp||||| |||| 00| 0 spa d
020 _a84-7228-381-X
040 _cCO-MdFUSB
041 0 _aspa
082 0 4 _223
_a248.5
_bB1689m
100 1 _aBakker, Jim (1940-)
_eautor
240 _aMove that mountain
245 1 0 _aMontaña, apártate!
_c/ Jim Bakker, Robert Paul Lamb ; traducido por Francisco Cazorla Olmo
264 1 _aTerrassa, Barcelona, España :
_bClie,
_c[1978]
264 4 _c©1978
300 _a246 páginas
336 _atexto
_btxt
_2rdacontent
337 _2rdamedia
_asin mediación
_bn
338 _2rdacarrier
_avolumen
_bnc
563 _aRústico
650 0 _aVida cristiana
_919
700 _aRobert Paul Lamb,
_911607
_eautor
700 _aCazorla Olmo, Francisco,
_96064
_etraductor
942 _cBK
945 _aMiguel Gómez
999 _c36125
_d36125